La razón autocrítica: el conocimiento en Spinoza y Hegel
Saved in:
| Main Authors: | , |
|---|---|
| Format: | Book |
| Language: | Spanish |
| Published: |
Ciudad de México
Universidad Autónoma Metropolitana
1989
|
| Edition: | 1a. ed |
| Subjects: | |
| Tags: |
Add Tag
No Tags, Be the first to tag this record!
|
MARC
| LEADER | 00000cam a2200000 a 4500 | ||
|---|---|---|---|
| 001 | UCC0570 | ||
| 003 | CL-VaPUC | ||
| 005 | 20230421074441.0 | ||
| 008 | 170818e19890000mx |||||||||||||||||spa|d | ||
| 999 | |c 369374 |d 369372 | ||
| 020 | |a 9688407437 | ||
| 040 | |c Pontificia Universidad Católica de Valparaíso | ||
| 082 | 0 | 4 | |a 121 |b PER |2 21 |
| 100 | 0 | |a Pérez Cortés, Francisco |e author |9 594570 | |
| 245 | 1 | 3 | |a La razón autocrítica: el conocimiento en Spinoza y Hegel |
| 250 | |a 1a. ed | ||
| 260 | |a Ciudad de México |b Universidad Autónoma Metropolitana |c 1989 | ||
| 300 | |a 167 p | ||
| 583 | |a last modification |c 20170818 15:36:00 |k Rodrigo Vera | ||
| 600 | 0 | 7 | |a SPINOZA, BENEDICTUS DE |2 CL-VaPUC |9 319727 |
| 600 | 0 | |a Hegel, Georg Wilhelm Friedrich |d 1770-1831 |9 860268 | |
| 650 | 7 | |a CRITICA DE LA RAZON |2 CL-VaPUC |9 502824 | |
| 700 | 0 | |a Pérez Cortés, Sergio |e author |9 594571 | |
| 942 | |c BK |2 ddc | ||
| 945 | |d 20170818 15:36:00 |a arojas | ||
| 952 | |0 0 |1 0 |3 erb |4 0 |6 121_000000000000000_PER_1989 |7 0 |8 A |9 485138 |a BIBEDU |b BIBEDU |c ES_NOD |i 5415039 |l 1 |o 121 PER 1989 |p 5415039 |r 2023-11-03 |s 2023-11-03 |w 2019-11-24 |y BK |z Catalogado en:20170818 |k PSI | ||